Kreis Borken | Städe und Gemeinden - Statistiken

Allgemein
  • Dieses Quiz wurde 211 mal gespielt
  • Das Durchschnittsergebnis liegt bei 11 aus 17
Antworten auf der Karte
Die Antworten werden auf der Karte rot bzw. grün angezeigt, abhängig davon wie oft sie richtig erraten wurden.
 
Antwortstatistiken
379.070 Kreis Borken % Korrekt
43.489 Borken
100%
71.930 Bocholt
92%
40.245 Ahaus
82%
20.807 Stadtlohn
76%
9.616 Südlohn
73%
23.161 Vreden
68%
49.824 Gronau (Westf.)
67%
11.208 Isselburg
62%
19.595 Rhede
61%
15.336 Reken
59%
13.304 Velen
59%
17.361 Gescher
55%
8.317 Heiden
52%
11.832 Raesfeld
52%
8.830 Heek
44%
7.564 Legden
38%
6.651 Schöppingen
35%
Keine übereinstimmenden Quizze gefunden
Verteilung der Resultate
Anzahl Personen mit jedem Resultat
Perzentil nach korrekt beantworteten Fragen
Ihre Resultats-Entwicklung
Sie haben dieses Quiz noch nicht gespielt